Arte poética (Record no. 18030)

MARC details
000 -LEADER
campo de control de longitud fija 00957nam a2200277 i 4500
001 - NÚMERO DE CONTROL
campo de control 18030
003 - IDENTIFICADOR DE NÚMERO DE CONTROL
campo de control ES-MaACL
005 - FECHA Y HORA DE LA ÚLTIMA TRANSACCIÓN
campo de control 20251122063106.0
007 - CAMPO FIJO DE DESCRIPCIÓN FÍSICA--INFORMACIÓN GENERAL
campo de control de longitud fija t|
008 - DATOS DE LONGITUD FIJA--INFORMACIÓN GENERAL
campo de control de longitud fija 010731s2001 sp ||||1| spa d
020 ## - NÚMERO INTERNACIONAL ESTÁNDAR DEL LIBRO
Número Internacional Estándar del Libro 84-8432-179-7
080 ## - NÚMERO DE LA CLASIFICACIÓN DECIMAL UNIVERSAL
Número de la Clasificación Decimal Universal 82-1.08
080 ## - NÚMERO DE LA CLASIFICACIÓN DECIMAL UNIVERSAL
Número de la Clasificación Decimal Universal 821.134.2(82)-5"19"
100 1# - ENTRADA PRINCIPAL--NOMBRE DE PERSONA
Nombre de persona Borges, Jorge Luis,
Fechas asociadas al nombre 1899-1986
9 (RLIN) 242526
245 10 - MENCIÓN DEL TÍTULO
Título Arte poética
Resto del título : seis conferencias /
Mención de responsabilidad, etc. Jorge Luis Borges ; traducción de Justo Navarro ; prólogo de Pere Gimferrer ; edición, notas y epílogo de Calin-Andrei Mihailescu.
260 ## - PUBLICACIÓN, DISTRIBUCIÓN, ETC.
Lugar de publicación, distribución, etc. Barcelona :
Nombre del editor, distribuidor, etc. Crítica,
Fecha de publicación, distribución, etc. [2001]
300 ## - DESCRIPCIÓN FÍSICA
Extensión 181 p. ;
Dimensiones 20 cm.
490 1# - MENCIÓN DE SERIE
Mención de serie Letras de humanidad
650 14 - PUNTO DE ACCESO ADICIONAL DE MATERIA--TÉRMINO DE MATERIA
Término de materia o nombre geográfico como elemento de entrada Poética.
9 (RLIN) 16254
700 1# - ENTRADA AGREGADA--NOMBRE PERSONAL
Nombre de persona Navarro, Justo.
9 (RLIN) 85077
700 0# - ENTRADA AGREGADA--NOMBRE PERSONAL
Nombre de persona Gimferrer, Pere,
Fechas asociadas al nombre 1945-
9 (RLIN) 57102
700 1# - ENTRADA AGREGADA--NOMBRE PERSONAL
Nombre de persona Mihailescu, Calin-Andrei.
9 (RLIN) 81056
830 00 - PUNTO DE ACCESO ADICIONAL DE SERIE-TÍTULO UNIFORME
Título uniforme Letras de humanidad (Crítica)
9 (RLIN) 180478
852 ## - LOCALIZACIÓN
Ubicación ES-MaACL
Número de control de estantería L-24764
Sublocalización o colección R.130132
Holdings
Estatus retirado Estado de pérdida Estado de daño No para préstamo Biblioteca de origen Biblioteca actual Ubicación en estantería Fecha de adquisición Fuente de adquisición Total de préstamos Signatura topográfica completa Código de barras Visto por última vez Precio de reemplazo Tipo de ítem Koha
        Biblioteca del Ateneo de Madrid Biblioteca del Ateneo de Madrid Depósito 2 17/01/2008     L-24764 1018422 23/02/2023 23/02/2023 Libro impreso